| 000 | 01618nam a22002417a 4500 | ||
|---|---|---|---|
| 005 | 20260203164154.0 | ||
| 008 | 260107b |||||||| |||| 00| 0 eng d | ||
| 020 | _a9788126712762 (hbk) सम्पूर्ण सेट | ||
| 037 | _cREF | ||
| 040 |
_aCRL _cCRL |
||
| 041 |
_2hin _ahin |
||
| 084 |
_aO152,1M96x M3;R2.1-.8 (RR) _qCRL |
||
| 245 | _aनिराला रचनावली | ||
| 250 | _aसंस्करण 7 | ||
| 260 |
_aनयी दिल्ली, भारत: _bराजकमल प्रकाशन, _c2022. |
||
| 300 | _aखण्ड 1 (1-511पृ.), खण्ड 2 (1-543पृ.), खण्ड 3 (1-463पृ.), खण्ड 4 (1-479पृ.), खण्ड 5 (1-598पृ.), खण्ड 6 (1-655पृ.), खण्ड 7 (1-319 पृ.), खण्ड 8 (1-357पृ.), | ||
| 365 |
_b12995.00 _cINR |
||
| 650 |
_aहिन्दी कविता _9862556 |
||
| 650 |
_aहिन्दी साहित्य _9862557 |
||
| 700 |
_aनवल, नन्दकिशोर _eसम्पादक _9862558 |
||
| 942 |
_2CC _cTB _eसंस्करण 7 _hO152,1M96x M3;R2.1-.8 (RR) _n0 |
||
| 999 |
_c1467110 _d1467110 |
||